The Autobiography of Bertrand Russell: 1872-1914 / (Record no. 23661)

MARC details
000 -LEADER
fixed length control field 00544nam a22001817a 4500
003 - CONTROL NUMBER IDENTIFIER
control field BDDh-ASL
005 - DATE AND TIME OF LATEST TRANSACTION
control field 20231015030254.0
008 - FIXED-LENGTH DATA ELEMENTS--GENERAL INFORMATION
fixed length control field 210401s1967 e ||||| |||| 00| 0 eng d
040 ## - CATALOGING SOURCE
Original cataloging agency BDDh-ASL
Transcribing agency BDDh-ASL
082 ## - DEWEY DECIMAL CLASSIFICATION NUMBER
Classification number 921
Item number RUA
100 1# - MAIN ENTRY--PERSONAL NAME
9 (RLIN) 3582
Personal name Russell, Bertrand
Dates associated with a name 1872-1914
245 14 - TITLE STATEMENT
Title The Autobiography of Bertrand Russell: 1872-1914 /
260 ## - PUBLICATION, DISTRIBUTION, ETC.
Place of publication, distribution, etc. London:
Name of publisher, distributor, etc. George Allen and Unwin Ltd.,
Date of publication, distribution, etc. 1967.
300 ## - PHYSICAL DESCRIPTION
Extent 230 p. :
Dimensions 24 cm.
600 10 - SUBJECT ADDED ENTRY--PERSONAL NAME
9 (RLIN) 3582
Personal name Russell, Bertrand
Dates associated with a name 1872-1914
650 #0 - SUBJECT ADDED ENTRY--TOPICAL TERM
9 (RLIN) 1339
Topical term or geographic name entry element Biography
942 ## - ADDED ENTRY ELEMENTS (KOHA)
Source of classification or shelving scheme Dewey Decimal Classification
Koha item type Books
Holdings
Withdrawn status Lost status Source of classification or shelving scheme Damaged status Not for loan Collection code Home library Current library Shelving location Date acquired Source of acquisition Total Checkouts Full call number Barcode Date last seen Copy number Price effective from Koha item type Public note
    Dewey Decimal Classification     Non-fiction Asiatic Society Library Asiatic Society Library General Stacks 04/01/2021 ASB Library Collections   921 RUA 108160 04/01/2021 C-1 04/01/2021 Books RARE

Powered by Koha